Remarks on integrability of N = 1 supersymmetric Ruijsenaars-Schneider three-body models; Journal of High Energy Physics; Vol. 2024, No. 5
| Parent link: | Journal of High Energy Physics.— .— New York: Springer Science+Business Media LLC. Vol. 2024, No. 5.— 2024.— Article number 129, 17 p. |
|---|---|
| Autor Principal: | |
| Autor Corporativo: | |
| Summary: | Title screen Integrability of 𝑁 = 1 supersymmetric Ruijsenaars-Schneider three-body models based upon the potentials 𝑊(𝑥)=2𝑥, 𝑊(𝑥)=2sin𝑥, and 𝑊(𝑥)=2sinh𝑥 is proven. The problem of constructing an algebraically resolvable set of Grassmann-odd constants of motion is reduced to finding a triplet of vectors such that all their scalar products can be expressed in terms of the original bosonic first integrals. The supersymmetric generalizations are used to build novel integrable (iso)spin extensions of the respective Ruijsenaars-Schneider three-body systems Текстовый файл AM_Agreement |
| Idioma: | inglés |
| Publicado: |
2024
|
| Subjects: | |
| Acceso en liña: | https://doi.org/10.1007/JHEP05(2024)129 |
| Formato: | MixedMaterials Electrónico Capítulo de libro |
| KOHA link: | https://koha.lib.tpu.ru/cgi-bin/koha/opac-detail.pl?biblionumber=672842 |
MARC
| LEADER | 00000nla0a2200000 4500 | ||
|---|---|---|---|
| 001 | 672842 | ||
| 005 | 20240529150659.0 | ||
| 090 | |a 672842 | ||
| 100 | |a 20240529a2024 k||y0engy50 ba | ||
| 101 | 0 | |a eng | |
| 102 | |a US | ||
| 135 | |a drcn ---uucaa | ||
| 181 | 0 | |a i |b e | |
| 182 | 0 | |a b | |
| 183 | 0 | |a cr |2 RDAcarrier | |
| 200 | 1 | |a Remarks on integrability of N = 1 supersymmetric Ruijsenaars-Schneider three-body models |f A. V. Galajinsky | |
| 203 | |a Текст |c электронный |b визуальный | ||
| 283 | |a online_resource |2 RDAcarrier | ||
| 300 | |a Title screen | ||
| 320 | |a References: 18 tit | ||
| 330 | |a Integrability of = 1 supersymmetric Ruijsenaars-Schneider three-body models based upon the potentials ()=2, ()=2sin, and ()=2sinh is proven. The problem of constructing an algebraically resolvable set of Grassmann-odd constants of motion is reduced to finding a triplet of vectors such that all their scalar products can be expressed in terms of the original bosonic first integrals. The supersymmetric generalizations are used to build novel integrable (iso)spin extensions of the respective Ruijsenaars-Schneider three-body systems | ||
| 336 | |a Текстовый файл | ||
| 371 | 0 | |a AM_Agreement | |
| 461 | 1 | |t Journal of High Energy Physics |c New York |n Springer Science+Business Media LLC. | |
| 463 | 1 | |t Vol. 2024, No. 5 |v Article number 129, 17 p. |d 2024 | |
| 610 | 1 | |a электронный ресурс | |
| 610 | 1 | |a труды учёных ТПУ | |
| 610 | 1 | |a Integrable Field Theories | |
| 610 | 1 | |a Supersymmetric Effective Theories | |
| 610 | 1 | |a Superspaces | |
| 700 | 1 | |a Galajinsky |b A. V. |c Doctor of Physical and Mathematical Sciences, Tomsk Polytechnic University (TPU), Department of Higher Mathematics and Mathematical Physics of the Institute of Physics and Technology (HMMPD IPT) |c Professor of the TPU |f 1971- |g Anton Vladimirovich |9 12894 | |
| 712 | 0 | 2 | |a National Research Tomsk Polytechnic University |c (2009- ) |9 27197 |
| 801 | 0 | |a RU |b 63413507 |c 20240529 |g RCR | |
| 856 | 4 | |u https://doi.org/10.1007/JHEP05(2024)129 |z https://doi.org/10.1007/JHEP05(2024)129 | |
| 942 | |c CR | ||